<?xml version="1.0" encoding="UTF-8"?>
<record
    xmlns:xsi="http://www.w3.org/2001/XMLSchema-instance"
    xsi:schemaLocation="http://www.loc.gov/MARC21/slim http://www.loc.gov/standards/marcxml/schema/MARC21slim.xsd"
    xmlns="http://www.loc.gov/MARC21/slim">

  <leader>00564nam a22002057a 4500</leader>
  <controlfield tag="003">3228</controlfield>
  <controlfield tag="005">20250808123751.0</controlfield>
  <controlfield tag="008">eng </controlfield>
  <datafield tag="015" ind1=" " ind2=" ">
    <subfield code="q">paperback</subfield>
  </datafield>
  <datafield tag="020" ind1=" " ind2=" ">
    <subfield code="a">9781431425174</subfield>
  </datafield>
  <datafield tag="040" ind1=" " ind2=" ">
    <subfield code="c">3228</subfield>
    <subfield code="d">rda</subfield>
  </datafield>
  <datafield tag="082" ind1=" " ind2=" ">
    <subfield code="a">365.45092 SUTT</subfield>
  </datafield>
  <datafield tag="100" ind1=" " ind2=" ">
    <subfield code="a">Raymond Suttner </subfield>
    <subfield code="9">171767</subfield>
  </datafield>
  <datafield tag="245" ind1=" " ind2=" ">
    <subfield code="a">Inside apartheid's prison/</subfield>
    <subfield code="c">by Raymond Suttner</subfield>
  </datafield>
  <datafield tag="260" ind1=" " ind2=" ">
    <subfield code="a">South Africa</subfield>
    <subfield code="b">Jacana Media (Pty) Ltd</subfield>
    <subfield code="c">2017</subfield>
  </datafield>
  <datafield tag="300" ind1=" " ind2=" ">
    <subfield code="a">xxxvii, 214 pages;</subfield>
    <subfield code="c">24 cm.</subfield>
  </datafield>
  <datafield tag="501" ind1=" " ind2=" ">
    <subfield code="a">with contemporary reflections on outside the ANC</subfield>
  </datafield>
  <datafield tag="521" ind1=" " ind2=" ">
    <subfield code="a">adult non-fiction</subfield>
  </datafield>
  <datafield tag="942" ind1=" " ind2=" ">
    <subfield code="2">ddc</subfield>
    <subfield code="c">BOOK</subfield>
    <subfield code="y">923</subfield>
    <subfield code="z">Itumeleng Itswene</subfield>
  </datafield>
  <datafield tag="999" ind1=" " ind2=" ">
    <subfield code="c">729680</subfield>
    <subfield code="d">729679</subfield>
  </datafield>
  <datafield tag="952" ind1=" " ind2=" ">
    <subfield code="0">0</subfield>
    <subfield code="1">0</subfield>
    <subfield code="2">ddc</subfield>
    <subfield code="4">0</subfield>
    <subfield code="7">0</subfield>
    <subfield code="8">300</subfield>
    <subfield code="a">MBOMRL</subfield>
    <subfield code="b">MATPL</subfield>
    <subfield code="c">GEN</subfield>
    <subfield code="d">2022-08-23</subfield>
    <subfield code="g">345.00</subfield>
    <subfield code="o">365.45092 SUTT</subfield>
    <subfield code="p">33228031023620</subfield>
    <subfield code="r">2022-08-23</subfield>
    <subfield code="w">2022-08-23</subfield>
    <subfield code="y">BOOK</subfield>
  </datafield>
</record>
